000
00240 a2200097 4500
001
43455
100
_a
Shakespeare
245
_a
First Part of the History of Henry
260
_a
London
_b
Cambridge University Press
_c
090
_c
27278
_d
27278
942
_a
NUST-CAE
_c
M
_c
19200
999
_c
278528
_d
278528